00327nam a2200121Ia 4500008004100000041000800041082001600049100002300065245003000088250001400118260003900132300003400171240624s9999 xx 000 0 und d aeng a346.066 PAT aPATHAK AKHILESHWAR aLEGAL ASPECTS OF BUSINESS a(4th ed.) c2010aNew DelhibTata McGraw- Hill axxviii, : 666 : p. : cm. ; 24